Guide to operating systems (Record no. 6176)
[ view plain ]
| 000 -LEADER | |
|---|---|
| fixed length control field | 00712 a2200181 4500 |
| 020 ## - INTERNATIONAL STANDARD BOOK NUMBER | |
| International Standard Book Number | 0619120770 |
| 040 ## - CATALOGING SOURCE | |
| Original cataloging agency | Library of Congress |
| Language of cataloging | English |
| 245 00 - TITLE STATEMENT | |
| Title | Guide to operating systems |
| Statement of responsibility, etc. | Michael Palmer ... [et al.]. |
| 250 ## - EDITION STATEMENT | |
| Edition statement | 2nd ed. |
| 260 ## - PUBLICATION, DISTRIBUTION, ETC. | |
| Place of publication, distribution, etc. | Boston, Mass. : |
| Name of publisher, distributor, etc. | Course Technology, |
| Date of publication, distribution, etc. | c2002. |
| 300 ## - PHYSICAL DESCRIPTION | |
| Extent | 608 p. : |
| Other physical details | ill. + |
| Accompanying material | 2 CD-ROMs (4 3/4 in.) |
| 500 ## - GENERAL NOTE | |
| General note | CD-ROM Title : Networking guide to operating systems. |
| 538 ## - SYSTEM DETAILS NOTE | |
| System details note | System reuirements for Macintosh : Mac OS X (G4 processor) with at least 64 MB of RAM. |
| 538 ## - SYSTEM DETAILS NOTE | |
| System details note | System reuirements for Windows : Windows 95, 98, ME, XP, NT or 2000. |
| 650 #0 - SUBJECT ADDED ENTRY--TOPICAL TERM | |
| Topical term or geographic name entry element | Operating systems (Computers) |
| 700 1# - ADDED ENTRY--PERSONAL NAME | |
| Personal name | Palmer, Michael. |
| 942 ## - ADDED ENTRY ELEMENTS (KOHA) | |
| Koha item type | Book |
| Call number prefix | 005.43 PAL |
| Source of classification or shelving scheme | |
| Withdrawn status | Lost status | Damaged status | Not for loan | Collection code | Permanent Location | Current Location | Shelving location | Date acquired | Source of acquisition | Cost, normal purchase price | Total Checkouts | Full call number | Barcode | Date last seen | Price effective from | Koha item type |
|---|---|---|---|---|---|---|---|---|---|---|---|---|---|---|---|---|
| Central Library (CL) | Central Library (CL) | First Floor - Operating System/ Data Structure | 07/04/2003 | Allied Book Company | 3370.77 | 005.43 PAL | SEECS003619 | 11/14/2012 | 01/05/2017 | Book | ||||||
| Central Library (CL) | Central Library (CL) | First Floor - Operating System/ Data Structure | 02/22/2003 | Allied Book Company | 3464.39 | 005.43 PAL | SEECS003121 | 11/14/2012 | 01/05/2017 | Book |
